| 000 | 00697nam a2200193 i 4500 | ||
|---|---|---|---|
| 001 | 74579 | ||
| 003 | ES-MaACL | ||
| 005 | 20230906172157.0 | ||
| 007 | t| | ||
| 008 | 040920s1946 sp f |||| | spa d | ||
| 100 | 1 |
_aGonzález Quijano, Pedro M. _958891 |
|
| 245 | 1 | 0 |
_aMapa pluviométrico de España / _cpor Pedro M. González Quijano. |
| 260 |
_aMadrid : _b[s.n., _c1946] ( _fGráficas Versal) |
||
| 300 |
_a574 p., 31 lám. ; _c20 cm. |
||
| 500 | _aPrecede al tít.: Consejo Superior de Investigaciones Científicas. Instituto "Juan Sebastian Elcano" de Geografía. | ||
| 650 | 4 |
_aLluvia- _zEspaña. _9169480 |
|
| 710 | 2 |
_aInstituto "Juan Sebastián Elcano" _95113 |
|
| 852 |
_aES-MaACL _jD-6358 |
||
| 999 |
_c74579 _d74579 |
||